000 00861cam a22001934a 4500
005 20250605164238.0
008 250528s ||||||||||||||||||||||||d
035 _a21218
020 _a9781587132070
040 _aGR-AtMCL
_bgre
_dGR-AtMCL
_eAACR2
245 1 _aLan Switching and Wireless / CCNA Exploration Companion Guide
260 _bCisco Press,
_c2008
300 _a504
520 _aA comprehensive approach to learning the technologies and protocols needed to design and implement a converged switched network. Includes CD-ROM. Introduction, LAN Design, Basic Switch Concepts and Configuration, VLANs, VTP, STP, Inter-VLAN Routing, Basic Wireless Concepts and Configuration, Check Your Understanding and Challenge Questions Answer Key, Glossary, Index.
700 1 _aLewis Wayne Ph.D.
_97239
942 _cBK
999 _c6285
_d6285